Can You Name All Strings Instruments? - Statistics

General Stats
  • This quiz has been taken 91 times
  • The average score is 7 of 17
Answer Stats
Answer % Correct
Violin
99%
Viola
96%
Cello
90%
Guitar
86%
Harp
81%
Double Bass
67%
Banjo
50%
Ukulele
38%
Mandolin
36%
Lute
26%
Sitar
22%
Lyre
19%
Fiddle
9%
Oud
5%
Kora
1%
Koto
1%
Veena
1%
No matching quizzes found
Score Distribution
Percent of People with Each Score
Percentile by Number Answered
Your Score History
You have not taken this quiz